<?xml version="1.0" encoding="UTF-8"?>
<record
    xmlns:xsi="http://www.w3.org/2001/XMLSchema-instance"
    xsi:schemaLocation="http://www.loc.gov/MARC21/slim http://www.loc.gov/standards/marcxml/schema/MARC21slim.xsd"
    xmlns="http://www.loc.gov/MARC21/slim">

  <leader>02304nam a22003257i 4500</leader>
  <controlfield tag="005">20210905135534.0</controlfield>
  <controlfield tag="008">210905t20182018it ao||e |||| 00| 0 eng d</controlfield>
  <datafield tag="020" ind1=" " ind2=" ">
    <subfield code="a">9788870515183</subfield>
    <subfield code="c">RM349.86</subfield>
    <subfield code="q">paperback</subfield>
  </datafield>
  <datafield tag="040" ind1=" " ind2=" ">
    <subfield code="a">PPAK</subfield>
    <subfield code="b">eng</subfield>
    <subfield code="c">PPAK</subfield>
    <subfield code="e">rda</subfield>
  </datafield>
  <datafield tag="082" ind1="0" ind2="4">
    <subfield code="2">23</subfield>
    <subfield code="a">613.716</subfield>
  </datafield>
  <datafield tag="090" ind1="0" ind2="0">
    <subfield code="a">613.716</subfield>
    <subfield code="b">BEN</subfield>
    <subfield code="d">R</subfield>
  </datafield>
  <datafield tag="100" ind1="1" ind2=" ">
    <subfield code="a">Benelli, Piero,</subfield>
    <subfield code="e">author.</subfield>
  </datafield>
  <datafield tag="245" ind1="1" ind2="0">
    <subfield code="a">AQUATIC THERAPHY :</subfield>
    <subfield code="b">Aquatic rehabilitation handbook / </subfield>
    <subfield code="c">Piero Benelli - Milco Zanazzo</subfield>
  </datafield>
  <datafield tag="250" ind1=" " ind2=" ">
    <subfield code="a">Print edition</subfield>
  </datafield>
  <datafield tag="264" ind1=" " ind2="1">
    <subfield code="a">Italy :</subfield>
    <subfield code="b">Edi.ermes srl, </subfield>
    <subfield code="c">[2018?]</subfield>
  </datafield>
  <datafield tag="264" ind1=" " ind2="4">
    <subfield code="c">&#xA9;2018</subfield>
  </datafield>
  <datafield tag="300" ind1=" " ind2=" ">
    <subfield code="a">x, 293 pages :</subfield>
    <subfield code="b">colour illustrations, colour photographs ; </subfield>
    <subfield code="c">27 cm</subfield>
  </datafield>
  <datafield tag="336" ind1=" " ind2=" ">
    <subfield code="2">rdacontent</subfield>
    <subfield code="a">text</subfield>
  </datafield>
  <datafield tag="337" ind1=" " ind2=" ">
    <subfield code="2">rdamedia</subfield>
    <subfield code="a">unmediated</subfield>
  </datafield>
  <datafield tag="338" ind1=" " ind2=" ">
    <subfield code="2">rdacarrier</subfield>
    <subfield code="a">volume</subfield>
  </datafield>
  <datafield tag="500" ind1=" " ind2=" ">
    <subfield code="a">The volume is enriched by a video section (100 videos) dedicated to aquatic exercise.</subfield>
  </datafield>
  <datafield tag="504" ind1=" " ind2=" ">
    <subfield code="a">Includes bibliographical references. </subfield>
  </datafield>
  <datafield tag="520" ind1=" " ind2=" ">
    <subfield code="a">The book indicates the modes of operation and the practical applications of the various aquatic rehabilitation methods, drawing from both scientific evidence taken from the most significant publications in the field, as well as the practical experience of the authors. The text addresses the many aspects of aquatic rehabilitation: from its historical background to its physiological and biomechanical principles, the preparation of protocols and work programs to the management of patients based on their anthropometric and functional conditions, and finally the various objectives and pathologies in question. The volume places particular focus on practical applications in the context of specific diseases, with continuous references focused both on the scientific literature and the practical experience gained by the authors in the field. The test is accompanied by a comprehensive workbook, which includes 450 photographs of more than 120 exercises designed for the various anatomical regions of the body and for various pathological situations, using the latest tools.</subfield>
  </datafield>
  <datafield tag="521" ind1=" " ind2=" ">
    <subfield code="a">Potential readers: rehabilitation specialists, physiotherapists, motor science graduates, swim teachers.</subfield>
  </datafield>
  <datafield tag="650" ind1="1" ind2="0">
    <subfield code="a">Aquatic exercises </subfield>
    <subfield code="x">Therapeutic use</subfield>
  </datafield>
  <datafield tag="650" ind1="2" ind2="0">
    <subfield code="a">Physically handicapped </subfield>
    <subfield code="x">Rehabilitation</subfield>
  </datafield>
  <datafield tag="650" ind1="2" ind2="0">
    <subfield code="a">Swimming</subfield>
    <subfield code="x">Rehabilitation</subfield>
  </datafield>
  <datafield tag="700" ind1="1" ind2=" ">
    <subfield code="a">Zanazzo, Milco, </subfield>
    <subfield code="e">author.</subfield>
  </datafield>
  <datafield tag="942" ind1=" " ind2=" ">
    <subfield code="2">ddc</subfield>
    <subfield code="c">B</subfield>
  </datafield>
  <datafield tag="999" ind1=" " ind2=" ">
    <subfield code="c">184806</subfield>
    <subfield code="d">184806</subfield>
  </datafield>
  <datafield tag="952" ind1=" " ind2=" ">
    <subfield code="0">0</subfield>
    <subfield code="7">1</subfield>
    <subfield code="b">PPAK</subfield>
    <subfield code="c">R</subfield>
    <subfield code="d">2021-10-17</subfield>
    <subfield code="o">R 613.716 BEN</subfield>
    <subfield code="p">A01700322</subfield>
    <subfield code="r">2021-10-17 00:00:00</subfield>
    <subfield code="y">B</subfield>
  </datafield>
</record>
